书目信息 |
| 题名: |
种植细说
|
|
| 作者: | 肖东发 主编 ;张学文 编著 | |
| 分册: | ||
| 出版信息: | 北京 现代出版社 2015 |
|
| 页数: | 164页 | |
| 开本: | 24cm | |
| 丛书名: | 中华精神家园 | |
| 单 册: | ||
| 中图分类: | F326.1 | |
| 科图分类: | ||
| 主题词: | 种植业--经济史--中国--古代 | |
| 电子资源: | ||
| ISBN: | 978-7-5143-3089-2 | |
| 000 | 01093oam2 2200289 450 | |
| 001 | 012001000363 | |
| 005 | 20140920091301.0 | |
| 010 | @a978-7-5143-3089-2@dCNY29.80 | |
| 100 | @a20151101d2015 em y0chiy50 ea | |
| 101 | 0 | @achi |
| 102 | @aCN@b110000 | |
| 105 | @aa z 000yy | |
| 106 | @ar | |
| 200 | 1 | @a种植细说@9Zhong Zhi Xi Shuo@e古代栽培与古代园艺@f肖东发主编@g张学文编著 |
| 210 | @a北京@c现代出版社@d2015 | |
| 215 | @a164页@c图@d24cm | |
| 225 | 2 | @a中华精神家园@i历史长河 |
| 330 | @a本书主要指古代栽培与古代园艺。包括古代农业 古代作物栽培 名物特产 古代农具 古代园艺,其中图文并茂,图解图注,形象直观,赏心悦目,彩色制作,丰富多彩,设计精美,格调高雅,非常适合广大读者阅读和珍藏,也非常适合各级图书馆装备和陈列。 | |
| 461 | 0 | @12001 @a中华精神家园 |
| 462 | 0 | @12001 @a历史长河 |
| 517 | 1 | @a古代栽培与古代园艺@9Gu Dai Zai Pei Yu Gu Dai Yuan Yi |
| 606 | 0 | @a种植业@x经济史@y中国@z古代 |
| 690 | @aF326.1@v5 | |
| 701 | 0 | @a肖东发@9Xiao Dong Fa@4主编 |
| 702 | 0 | @a张学文@9Zhang Xue Wen@4编著 |
| 801 | 0 | @aCN@b上海新华@c20180901 |
| 905 | @b1150229-33@dF326.1@e185@f5 | |
| 种植细说:古代栽培与古代园艺/肖东发主编/张学文编著.-北京:现代出版社,2015 |
| 164页:图;24cm.-(中华精神家园.历史长河) |
| ISBN 978-7-5143-3089-2:CNY29.80 |
| 本书主要指古代栽培与古代园艺。包括古代农业 古代作物栽培 名物特产 古代农具 古代园艺,其中图文并茂,图解图注,形象直观,赏心悦目,彩色制作,丰富多彩,设计精美,格调高雅,非常适合广大读者阅读和珍藏,也非常适合各级图书馆装备和陈列。 |
| ● |
| 相关链接 |
|
|
|
|
正题名:种植细说
索取号:F326.1/185
 
预约/预借
| 序号 | 登录号 | 条形码 | 馆藏地/架位号 | 状态 | 备注 |
| 1 | 1150229 | 211502293 | 第一样本阅览室/ [索取号:F326.1/185] | 在馆 | |
| 2 | 1150230 | 211502300 | 第一借阅区/ [索取号:F326.1/185] | 在馆 | |
| 3 | 1150231 | 211502319 | 第一借阅区/ [索取号:F326.1/185] | 在馆 | |
| 4 | 1150232 | 211502328 | 密集书库-海洋学院/ [索取号:F326.1/185] | 在馆 | |
| 5 | 1150233 | 211502337 | 第一借阅区/ [索取号:F326.1/185] | 在馆 |